01072nam a2200217 a 450000100100000000500170001000800410002704000250006810000590009324500400015226000640019230000210025650000630027750400320034004900090037295201200038195201200050195201050062195201110072699900170083700002609720200930024311.0110301s19uu dr 000 0 spa d aDO-SdBNPbspacBNPHU1 aRonny MercedesqPérez Mateo, Ramón Mercedes95303510aHipotiposis sociales :bsiglo xx /. aSan Juan, República Dominicana :bEditora Logos,c[199?]. a218 p. ;c22 cm. aIncluye datos biográficos del autor en la contracubierta aBibliografía : p. 216-218 aBNPD 001054708DSaGRbGRcCTd2011-03-01iLF1l0o p26097-30r2020-06-25te. 3w2020-06-25yLFDSZPréstamo en sala 001054708DSaGRbGRcCTd2013-06-07iLF1l0o p26097-40r2020-06-25te. 4w2020-06-25yLFDSZPréstamo en sala 0010718PDaPDbPDcHDd2011-03-01iLF1l0o p26097-10r2020-06-25w2020-06-25yLFPDZNo se presta 0010718PDaPDbPDcCTd2011-03-01iLF1l0o p26097-20r2020-06-25te. 2w2020-06-25yLFPDZNo se presta c25589d25589